Statistics for Official Languages of China

Click here to take the quiz!

General Stats

  • This quiz has been taken 123 times
  • The average score is 7 of 12

Answer Stats

Official in...Language% Correct
NationwideMandarin
99%
GuangdongCantonese
96%
ShanghaiWu
86%
XinjiangUyghur
69%
Inner MongoliaMongolian
66%
TibetTibetan
65%
YanbianKorean
59%
FujianHokkien
45%
Hong KongEnglish
35%
GuangxiZhuang
29%
MacauPortuguese
25%
WenzhouOujiang
5%

Score Distribution

Percentile by Number Answered

Percent of People with Each Score

Your Score History

You have not taken this quiz